| 000 -LEADER |
| fixed length control field |
01441cam a22003014a 4500 |
| 001 - CONTROL NUMBER |
| control field |
12595550 |
| 005 - DATE AND TIME OF LATEST TRANSACTION |
| control field |
20220802115900.0 |
| 008 - FIXED-LENGTH DATA ELEMENTS--GENERAL INFORMATION |
| fixed length control field |
011121s2002 nyua b 001 0 eng |
| 010 ## - LIBRARY OF CONGRESS CONTROL NUMBER |
| LC control number |
2001057992 |
| 020 ## - INTERNATIONAL STANDARD BOOK NUMBER |
| International Standard Book Number |
978038733254 |
| 040 ## - CATALOGING SOURCE |
| Original cataloging agency |
DLC |
| Transcribing agency |
DLC |
| Modifying agency |
DLC |
| 042 ## - AUTHENTICATION CODE |
| Authentication code |
pcc |
| 050 00 - LIBRARY OF CONGRESS CALL NUMBER |
| Classification number |
QA76.618 |
| Item number |
.C64 2002 |
| 082 00 - DEWEY DECIMAL CLASSIFICATION NUMBER |
| Classification number |
005.1,COE |
| Edition number |
21 |
| 100 1# - MAIN ENTRY--PERSONAL NAME |
| Personal name |
Coello Coello, Carlos A. |
| 9 (RLIN) |
96230 |
| 245 10 - TITLE STATEMENT |
| Title |
Evolutionary algorithms for solving multi-objective problems / |
| Statement of responsibility, etc. |
Carlos A. Coello Coello, David A. Van Veldhuizen, Gary B. Lamont. |
| 250 ## - EDITION STATEMENT |
| Edition statement |
2nd Edition |
| 260 ## - PUBLICATION, DISTRIBUTION, ETC. |
| Place of publication, distribution, etc. |
New York : |
| Name of publisher, distributor, etc. |
Springer |
| Date of publication, distribution, etc. |
c2007. |
| 300 ## - PHYSICAL DESCRIPTION |
| Extent |
xxi, 800 p. : |
| Other physical details |
ill. ; |
| Dimensions |
24 cm. |
| 440 #0 - SERIES STATEMENT/ADDED ENTRY--TITLE |
| Title |
Genetic algorithms and evolutionary computation ; |
| Volume/sequential designation |
5 |
| 9 (RLIN) |
96231 |
| 505 ## - FORMATTED CONTENTS NOTE |
| Formatted contents note |
Basic Concepts (Page-1), MOP Evolutionary Algorithm Approaches (Page-61), MOEA Local Search and Convolution (Page-131), MOEA Test Suites (Page-175), MOEA Testing and Analysis (Page-233), MOEA Theory and Issues (Page-283), Applications (Page-335), MOEA Parallelization (Page-443), Multi-Criteria Decision Making (page-515), Alternative Explorations (Page-547). |
| 650 #0 - SUBJECT ADDED ENTRY--TOPICAL TERM |
| Topical term or geographic name entry element |
Evolutionary programming (Computer science) |
| 9 (RLIN) |
82016 |
| 650 #0 - SUBJECT ADDED ENTRY--TOPICAL TERM |
| Topical term or geographic name entry element |
Evolutionary computation. |
| 9 (RLIN) |
2855 |
| 700 1# - ADDED ENTRY--PERSONAL NAME |
| Personal name |
Van Veldhuizen, David A. |
| 9 (RLIN) |
96232 |
| 700 1# - ADDED ENTRY--PERSONAL NAME |
| Personal name |
Lamont, Gary B. |
| 9 (RLIN) |
96233 |
| 856 41 - ELECTRONIC LOCATION AND ACCESS |
| Materials specified |
Table of contents only |
| Uniform Resource Identifier |
<a href="http://www.loc.gov/catdir/enhancements/fy0902/2001057992-t.html">http://www.loc.gov/catdir/enhancements/fy0902/2001057992-t.html</a> |
| 942 ## - ADDED ENTRY ELEMENTS (KOHA) |
| Source of classification or shelving scheme |
|
| Koha item type |
Book |
| Call number prefix |
005.1,COE |